| Поле | Название | Значение |
| |
Тип записи |
a |
| |
Библиографический уровень |
a |
| 001 |
Контрольный номер |
c7def2a940884a9b89a91180dc84f57f |
| 005 |
Дата корректировки |
20260421103430.5 |
| 100 |
Данные общей обработки |
__ |
| a |
Данные общей обработки |
20260421 ||| 0rusy0189 ca |
| 101 |
Язык документа |
0_ |
| a |
Язык текста |
rus |
| 102 |
Страна публикации |
__ |
| a |
Страна публикации |
RU |
| 200 |
Заглавие и сведения об ответственности |
1_ |
| a |
Заглавие |
Королева романса |
| e |
Сведения, относящиеся к заглавию |
[о русской актрисе, композиторе, поэтессе, исполнительнице романсов Марии Пуаре] |
| f |
Первые сведения об ответственности |
И. Ковалёва |
| 461 |
Уровень набора |
_0 |
| 1 |
|
2000 |
| a |
|
Будь здоров! |
| 463 |
Уровень физической единицы |
_0 |
| 1 |
|
2000 |
| a |
|
№ 3 |
| v |
|
С. 89-94 : фот. |
| 1 |
|
2101 |
| d |
|
2026 |
| 1 |
|
001d8537e6f1b71483e9c9b4afe055373dc |
| 600 |
Персоналии |
_1 |
| a |
Персоналии (Фамилия) |
Пуаре |
| g |
Полное имя |
Мария Яковлевна |
| 606 |
Тематические рубрики |
0_ |
| a |
Основная рубрика |
Пуаре, Мария Яковлевна (1863-1933), о ней |
| 610 |
Ключевые слова |
0_ |
| a |
Ключевые слова |
русские актрисы, певицы, композиторы, романсы, исполнительницы романсов, Я ехала домой (романс), Лебединая песнь (романс) |
| 686 |
Индексы других классификаций |
__ |
| a |
Классификационный индекс |
85.314 |
| 700 |
Автор |
_1 |
| a |
Фамилия |
Ковалёва |
| b |
Имя (инициалы) |
И. |
| g |
Полное личное имя |
Иоанна |
| 801 |
Источник записи |
_0 |
| a |
Страна |
RU |
| b |
Организация |
УОБДЮ |
| c |
Дата составления |
20260421 |
| g |
Правила каталогизации |
RCR |
| 801 |
Источник записи |
_1 |
| a |
Страна |
RU |
| b |
Организация |
УОБДЮ |
| c |
Дата составления |
20260421 |
| g |
Правила каталогизации |
RCR |
| 901 |
Тип документа |
__ |
| t |
Тип документа |
b |
| w |
Контрольный № источника |
d8537e6f1b71483e9c9b4afe055373dc |
| 905 |
Данные по созданию БЗ |
__ |
| b |
Логин пользователя, который создал БЗ |
ibo3 |